[Event "Clutch Chess International - Quarti"]
[Site "Internet"]
[Date "07.06.2020"]
[Round "Q04"]
[White "Grischuk, Alexander"]
[Black "Aronian, Levon"]
[Result "1/2-1/2"]
[WhiteTitle "GM"]
[BlackTitle "GM"]
[WhiteElo "2777"]
[BlackElo "2773"]
[WhiteFideId "4126025"]
[BlackFideId "13300474"]
[EventDate "2020.06.06"]
[EventType "k.o."]

1. d4 Nf6 2. c4 e6 3. Nf3 d5 4. g3 Be7 5. Bg2 O-O 6. Nc3 Nbd7 7. Qd3 b6 8. cxd5
Nxd5 9. O-O Bb7 10. Nxd5 exd5 11. Bf4 c5 12. b3 a5 13. a4 Bf6 14. Rfd1 cxd4 15.
Nxd4 Nc5 16. Qb1 Re8 17. Ra2 Qd7 18. Nb5 Be5 19. Bxe5 Rxe5 20. Rad2 Rd8 21. e4
Ba6 22. Rxd5 Rxd5 23. Rxd5 Qe7 24. Qd1 Rxd5 25. Qxd5 Bxb5 26. axb5 g6 27. e5 Kg7
28. Bf1 Nd7 29. Qd4 Kg8 30. f4 g5 31. Bc4 gxf4 32. gxf4 Nc5 33. Kg2 Qh4 34. Qe3
Kf8 35. h3 Qh5 36. Qd2 Qg6+ 37. Kh2 Qf5 38. Qd8+ Kg7 39. Qg5+ Qxg5 40. fxg5 Nd7
41. e6 fxe6 42. Bxe6 Nc5 43. Bd5 h6 44. gxh6+ Kxh6 45. Kg3 a4 46. bxa4 Nxa4 47.
Kg4 Nc3 48. Bc4 Kg7 49. Kg5 Kh8 50. h4 Kg7 51. h5 Kh8 52. h6 Nxb5 53. Bxb5 Kh7
54. Bd3+ Kh8 55. Kg6 b5 56. Bxb5 Kg8 57. h7+ Kh8 58. Kh6 1/2-1/2

[Event "Clutch Chess International - Quarti"]
[Site "Internet"]
[Date "07.06.2020"]
[Round "Q05"]
[White "Dominguez Perez, Leinier"]
[Black "Caruana, Fabiano"]
[Result "0-1"]
[WhiteTitle "GM"]
[BlackTitle "GM"]
[WhiteElo "2758"]
[BlackElo "2835"]
[WhiteFideId "3503240"]
[BlackFideId "2020009"]
[EventDate "2020.06.06"]
[EventType "k.o."]

1. e4 c6 2. d4 d5 3. e5 Bf5 4. h4 h5 5. Bd3 Bxd3 6. Qxd3 e6 7. Nf3 Qb6 8. Nbd2
Nh6 9. O-O Nf5 10. c4 Be7 11. g3 Qa6 12. b3 Nd7 13. a4 O-O 14. Qc2 Rac8 15. Ba3
Bxa3 16. Rxa3 c5 17. cxd5 Nxd4 18. Nxd4 cxd4 19. Qe4 exd5 20. Qxd5 Rfd8 21. Qxd4
Nc5 22. Qe3 Rd3 23. Qe1 Ne6 24. Ra2 Nd4 25. Kg2 Qa5 26. e6 fxe6 27. Ne4 Qd5 28.
f3 Nc2 29. Rxc2 Rxc2+ 30. Rf2 Qxb3 31. Ng5 Rd1 32. Qa5 Rxf2+ 33. Kxf2 Qc2+ 34.
Ke3 Rd3+ 35. Kf4 Qc1+ 0-1

[Event "Clutch Chess International - Quarti"]
[Site "Internet"]
[Date "07.06.2020"]
[Round "Q05"]
[White "Aronian, Levon"]
[Black "Grischuk, Alexander"]
[Result "1/2-1/2"]
[WhiteTitle "GM"]
[BlackTitle "GM"]
[WhiteElo "2773"]
[BlackElo "2777"]
[WhiteFideId "13300474"]
[BlackFideId "4126025"]
[EventDate "2020.06.06"]

1. d4 Nf6 2. c4 e6 3. Nf3 d5 4. Nc3 c6 5. e3 Nbd7 6. Qc2 Bd6 7. Bd3 O-O 8. O-O
dxc4 9. Bxc4 c5 10. Rd1 a6 11. Bd3 Qc7 12. dxc5 Nxc5 13. e4 b6 14. Bc4 Ng4 15.
h3 Ne5 16. Nxe5 Bxe5 17. Be3 Bb7 18. f3 Rac8 19. Rac1 b5 20. Bb3 Qe7 21. Nd5
exd5 22. Bxc5 Bd6 23. Bxd6 Qxd6 24. Qd2 Qb6+ 25. Qf2 Qxf2+ 26. Kxf2 Rxc1 27.
Rxc1 dxe4 28. Rc7 Ba8 29. Ra7 g6 30. Bxf7+ Rxf7 31. Rxa8+ Kg7 32. Rxa6 exf3 33.
g4 Rd7 34. b4 h5 35. gxh5 gxh5 36. Ra5 Kg6 37. Kxf3 Rd2 38. h4 Rh2 39. Kg3 Rd2
40. Rxb5 Rxa2 41. Rg5+ Kh6 42. Rf5 Ra8 43. Rf6+ Kg7 44. Rf3 Rb8 45. Rb3 Rb5 46.
Kf4 Kf6 47. Ke4 Ke6 48. Kd4 Kd6 49. Kc4 Rf5 50. Rd3+ Kc6 51. Rd4 Kb6 52. Rd6+
Kc7 53. Rd5 Rf4+ 54. Rd4 Rf5 55. b5 Kb6 56. Rd6+ Kb7 57. Rh6 Rf4+ 58. Kc5 Rxh4
59. Rh7+ Kc8 60. Kb6 Rh3 61. Rc7+ Kb8 62. Rh7 Kc8 63. Rc7+ Kb8 64. Rf7 Kc8 65.
Rf8+ Kd7 66. Kb7 h4 67. b6 Rb3 68. Ka7 Ra3+ 69. Kb8 h3 70. b7 h2 71. Rf7+ Ke6
72. Rh7 Ra2 73. Rh5 Rc2 74. Rh3 Ke7 75. Re3+ Kf6 76. Re1 Kg5 77. Rb1 Kg4 78. Ka7
Rc7 79. Rh1 Kg3 80. Ka8 Rxb7 81. Kxb7 Kg2 82. Rxh2+ Kxh2 1/2-1/2

[Event "Clutch Chess International - Quarti"]
[Site "Internet"]
[Date "07.06.2020"]
[Round "Q06"]
[White "Caruana, Fabiano"]
[Black "Dominguez Perez, Leinier"]
[Result "1/2-1/2"]
[WhiteTitle "GM"]
[BlackTitle "GM"]
[WhiteElo "2835"]
[BlackElo "2758"]
[WhiteFideId "2020009"]
[BlackFideId "3503240"]
[EventDate "2020.06.06"]
[EventType "k.o."]

1. d4 Nf6 2. c4 e6 3. Nc3 Bb4 4. e3 O-O 5. Ne2 d5 6. a3 Bd6 7. Ng3 c5 8. dxc5
Bxc5 9. b4 Be7 10. Bb2 dxc4 11. Bxc4 Qxd1+ 12. Rxd1 Nbd7 13. Nce4 Nxe4 14. Nxe4
Nb6 15. Be2 Bd7 16. O-O Bc6 17. f3 a6 18. Bd4 Nd5 19. Kf2 Rfc8 20. Rc1 Bb5 21.
Bc5 f5 22. Bxe7 fxe4 23. Bc5 exf3 24. gxf3 Rc6 25. Bd4 Rac8 26. Rc5 b6 27. Rxc6
Rxc6 28. Bxb5 axb5 29. f4 Rc2+ 30. Kf3 Ra2 31. Ra1 Rxh2 32. Rc1 Kf7 33. Rc8 Ra2
34. Ra8 Rc2 35. Be5 Nf6 36. Ra7+ Kg6 37. Bd6 Kf5 38. Bf8 Ne4 39. Rf7+ Kg6 40.
Rxg7+ Kf5 41. Rf7+ Kg6 42. Rg7+ Kf5 43. Rf7+ Kg6 44. Rg7+ 1/2-1/2

[Event "Clutch Chess International - Quarti"]
[Site "Internet"]
[Date "07.06.2020"]
[Round "Q06"]
[White "Grischuk, Alexander"]
[Black "Aronian, Levon"]
[Result "0-1"]
[WhiteTitle "GM"]
[BlackTitle "GM"]
[WhiteElo "2777"]
[BlackElo "2773"]
[WhiteFideId "4126025"]
[BlackFideId "13300474"]
[EventDate "2020.06.06"]

1. e4 e5 2. Nf3 Nc6 3. Bb5 Nf6 4. O-O Nxe4 5. d4 Nd6 6. Bxc6 dxc6 7. dxe5 Nf5 8.
Qxd8+ Kxd8 9. Nc3 Be7 10. Bf4 Nh4 11. Rad1+ Ke8 12. Nxh4 Bxh4 13. Ne2 Be7 14.
Nd4 a6 15. e6 Bxe6 16. Nxe6 fxe6 17. Rfe1 Bf6 18. b3 Ke7 19. Bxc7 Rhc8 20. Bd6+
Kf7 21. Bc5 Rd8 22. Bb6 Rd5 23. c4 Rxd1 24. Rxd1 Ke8 25. Rd6 Ke7 26. Rd3 Rc8 27.
b4 e5 28. Bc5+ Ke6 29. Rd6+ Kf5 30. Bb6 Re8 31. Kf1 h5 32. Ke2 Re6 33. Rd1 Re8
34. a4 Ke6 35. h3 Be7 36. Rb1 Rf8 37. b5 Rf4 38. bxa6 bxa6 39. Rc1 c5 40. Ba5
Re4+ 41. Kd3 Rd4+ 42. Ke2 e4 43. Rc2 Bf6 44. Bb6 Kd6 45. Ba5 Kc6 46. Bd2 Rd3 47.
a5 Rb3 48. Be3 Bc3 49. Bd2 Bb4 50. Ra2 g6 51. Kd1 Rd3 52. Ke2 Rd4 53. Rc2 Bxd2
54. Rxd2 Rxc4 55. Ke3 Ra4 56. Rd8 Rxa5 57. Kxe4 Ra4+ 58. Ke5 Ra2 59. Rd6+ Kb5
60. Rxg6 Re2+ 61. Kd5 Rxf2 62. g4 hxg4 63. hxg4 a5 64. g5 a4 65. Rg8 Rd2+ 66.
Ke5 a3 67. g6 Rg2 68. Kf6 Kc4 69. Ra8 Kb3 70. Rb8+ Kc3 71. Ra8 Rf2+ 72. Ke7 Re2+
73. Kf7 Rf2+ 74. Ke7 Re2+ 75. Kf7 a2 76. g7 Rf2+ 77. Ke7 Rg2 78. Kf7 Kb2 79.
Rb8+ Ka1 80. g8=Q Rxg8 81. Kxg8 c4 82. Rc8 c3 83. Kf7 Kb2 84. Rb8+ Kc2 85. Ra8
Kb3 86. Rb8+ Kc4 87. Rc8+ Kd3 88. Rd8+ Ke3 89. Re8+ Kf3 90. Re1 c2 91. Ke6 Kf2
92. Rh1 Ke3 93. Kd5 Kd2 94. Ra1 c1=Q 95. Rxa2+ Ke3 96. Ra6 Qd1+ 97. Ke6 Ke4 98.
Ke7 Qb3 99. Rh6 Qb7+ 100. Ke8 Qg7 101. Ra6 Qe5+ 102. Kf7 Kf5 103. Rh6 Qc7+ 104.
Ke8 Qg7 105. Ra6 Qb7 106. Rh6 Qc7 107. Rh3 Qc6+ 108. Ke7 Qc7+ 109. Ke8 Kg6 110.
Rd3 Qe5+ 111. Kd8 Qa5+ 112. Ke7 Qc7+ 113. Ke8 Qe5+ 114. Kd8 Qe4 115. Rd6+ Kf7
116. Kc7 Qc4+ 117. Rc6 Qf4+ 118. Kb6 Ke7 119. Kb5 Kd7 120. Rc4 Qe3 121. Kb4 Kd6
122. Ka4 Kd5 123. Rc2 Qb6 124. Rc3 Kd4 125. Rc2 Kd3 126. Rc1 Qd4+ 127. Kb3 Qd5+
128. Kb4 Qb7+ 129. Ka3 Qb5 130. Rf1 Qa6+ 131. Kb3 Qb6+ 132. Ka3 Kc2 133. Rf3
Qa5# 0-1

[Event "Clutch Chess International - Quarti"]
[Site "Internet"]
[Date "08.06.2020"]
[Round "Q07"]
[White "Vachier-Lagrave, Maxime"]
[Black "So, Wesley"]
[Result "1/2-1/2"]
[WhiteTitle "GM"]
[BlackTitle "GM"]
[WhiteElo "2778"]
[BlackElo "2770"]
[WhiteFideId "623539"]
[BlackFideId "5202213"]
[EventDate "2020.06.06"]

1. Nf3 d5 2. g3 c5 3. Bg2 Nc6 4. d4 e6 5. O-O Nf6 6. c4 dxc4 7. Qa4 Bd7 8. Qxc4
cxd4 9. Nxd4 Rc8 10. Nc3 Nxd4 11. Qxd4 Bc5 12. Qd3 Bc6 13. Bxc6+ Rxc6 14. Qf3
O-O 15. Rd1 Qa5 16. Bd2 Qa6 17. Bg5 Be7 18. Ne4 Nd5 19. Bxe7 Nxe7 20. Nc3 Ng6
21. Qe3 Qb6 22. Qxb6 Rxb6 23. Na4 Ra6 24. b3 b5 25. Nc3 b4 26. Na4 Ne7 27. Rac1
Nd5 28. e4 Nc3 29. Nxc3 bxc3 30. Rc2 Rc6 31. Kf1 h5 32. Ke2 Rfc8 33. Rd4 e5 34.
Rd5 f6 35. h4 R8c7 36. Kd3 Kf7 37. f4 Ke6 38. fxe5 fxe5 39. Ke2 Rd7 40. Rxd7
Kxd7 41. Kd3 Rg6 42. Rg2 Rg4 43. Kxc3 Rxe4 44. Kd3 Rg4 45. Ke3 Ke6 46. Kf3 e4+
47. Kf2 Rg6 48. Rg1 Rf6+ 49. Ke2 Ke5 50. Rc1 Rf3 51. Rc5+ Kd4 52. Rxh5 Rxg3 53.
Ra5 Rg2+ 54. Kf1 Rh2 55. Rxa7 e3 56. Rxg7 Rxa2 57. h5 Ra1+ 58. Ke2 Ra2+ 59. Kf3
Rf2+ 60. Kg3 Rf1 61. Rd7+ Kc3 62. Re7 Kd2 63. Rd7+ Kc3 64. Re7 Kd2 65. Rd7+ Kc3 1/2-1/2

[Event "Clutch Chess International - Quarti"]
[Site "Internet"]
[Date "08.06.2020"]
[Round "Q07"]
[White "Xiong, Jeffery"]
[Black "Carlsen, Magnus"]
[Result "1-0"]
[WhiteTitle "GM"]
[BlackTitle "GM"]
[WhiteElo "2709"]
[BlackElo "2863"]
[WhiteFideId "2047640"]
[BlackFideId "1503014"]
[EventDate "2020.06.06"]

1. e4 e5 2. Nf3 Nc6 3. d4 exd4 4. Nxd4 Bc5 5. Be3 Qf6 6. c3 Nge7 7. Bb5 O-O 8.
O-O Bb6 9. a4 Qg6 10. Bd3 Bxd4 11. cxd4 Nb4 12. Nc3 Nxd3 13. Qxd3 d5 14. f3 c6
15. Qd2 Be6 16. Rae1 Rae8 17. Ne2 f6 18. e5 fxe5 19. dxe5 b6 20. b4 Rc8 21. Rc1
Rfd8 22. Nd4 h6 23. a5 Rd7 24. Rfe1 Rb7 25. axb6 axb6 26. Qe2 Rbb8 27. Bf2 Bh3
28. Bg3 c5 29. Nb5 Be6 30. Nd6 Rc6 31. Qb5 Ra8 32. bxc5 Ra5 33. Qb4 Raxc5 34.
Rxc5 bxc5 35. Qb7 c4 36. Qxe7 c3 37. Qb7 Rc5 38. Qb6 1-0

[Event "Clutch Chess International - Quarti"]
[Site "Internet"]
[Date "08.06.2020"]
[Round "Q08"]
[White "So, Wesley"]
[Black "Vachier-Lagrave, Maxime"]
[Result "1/2-1/2"]
[WhiteTitle "GM"]
[BlackTitle "GM"]
[WhiteElo "2770"]
[BlackElo "2778"]
[WhiteFideId "5202213"]
[BlackFideId "623539"]
[EventDate "2020.06.06"]

1. d4 d5 2. c4 c6 3. Nf3 Nf6 4. e3 Bf5 5. Nc3 e6 6. Nh4 Be4 7. f3 Bg6 8. Qb3 Qc7
9. Bd2 Be7 10. O-O-O dxc4 11. Bxc4 Nbd7 12. g4 b5 13. Be2 b4 14. Na4 c5 15. Qc4
O-O 16. Nxg6 hxg6 17. dxc5 Nxc5 18. Kb1 Qe5 19. Nxc5 Bxc5 20. e4 Rfc8 21. Bxb4
Bxb4 22. Qxb4 Rab8 23. Qd4 Qa5 24. Rc1 Rd8 25. Qc3 Qb6 26. Rc2 Rbc8 27. Qxc8
Rxc8 28. Rxc8+ Kh7 29. g5 Qe3 30. gxf6 Qxe2 31. fxg7 Kxg7 32. Rc3 Qg2 33. Rd1
Qxh2 34. a3 g5 35. Ka2 Kg6 36. Rd8 Qf2 37. Rg8+ Kf6 38. e5+ Kxe5 39. Rxg5+ f5
40. Rg7 Qd4 41. Rgc7 Qd5+ 42. Ka1 Qd1+ 43. Ka2 Qd5+ 44. Ka1 Qd1+ 45. Ka2 Qd5+ 1/2-1/2

[Event "Clutch Chess International - Quarti"]
[Site "Internet"]
[Date "08.06.2020"]
[Round "Q08"]
[White "Carlsen, Magnus"]
[Black "Xiong, Jeffery"]
[Result "1/2-1/2"]
[WhiteTitle "GM"]
[BlackTitle "GM"]
[WhiteElo "2863"]
[BlackElo "2709"]
[WhiteFideId "1503014"]
[BlackFideId "2047640"]
[EventDate "2020.06.06"]

1. e4 e6 2. Qe2 c5 3. g3 Nc6 4. Bg2 g6 5. Nf3 Bg7 6. O-O Nge7 7. c3 e5 8. a3 O-O
9. b4 d6 10. d3 a6 11. Be3 cxb4 12. axb4 Be6 13. Ng5 Bd7 14. Nd2 h6 15. Ngf3 Be6
16. Rfb1 f5 17. Nf1 f4 18. Bd2 g5 19. h3 Qd7 20. g4 Rfc8 21. Qd1 b5 22. N1h2 d5
23. Ne1 d4 24. Nhf3 dxc3 25. Bxc3 Nd4 26. Bxd4 exd4 27. h4 gxh4 28. Nxh4 Bxg4
29. Qb3+ Kh8 30. Qf7 Re8 31. e5 Be6 32. Qxf4 Rg8 33. Qh2 Bd5 34. f4 Qg4 35. Rb2
h5 36. Kh1 Bh6 37. Bxd5 Nxd5 38. Rg2 Qxf4 39. Ng6+ Rxg6 40. Rxg6 Qxh2+ 41. Kxh2
Bf4+ 42. Kh1 Nxb4 43. e6 Kh7 44. Rf6 Be3 45. Rf7+ Kg6 46. Ng2 Nxd3 47. Nxe3 dxe3
48. Rg1+ Kh6 49. Rf6+ Kh7 50. e7 Re8 51. Rf7+ Kh6 52. Rf6+ Kh7 53. Re6 Nf2+ 54.
Kg2 Ng4 55. Rf1 Kg7 56. Rf5 b4 57. Kf3 b3 58. Rxh5 Kf7 59. Rb6 e2 60. Kxe2 Rxe7+
61. Kd2 Nf6 62. Rh1 Ne4+ 63. Kc1 Nc5 64. Rh7+ Ke8 65. Rh5 b2+ 66. Kd2 Rb7 67.
Rxb7 Nxb7 68. Kc2 Kd7 69. Kxb2 Kc6 70. Kb3 Kb6 71. Kb4 a5+ 72. Kc4 Nd6+ 73. Kd5
Nb7 74. Rh8 Kb5 75. Ra8 Kb6 76. Rb8 Kc7 77. Rh8 Kb6 78. Kd4 Kc6 79. Rh5 Kb6 80.
Kd5 Kb5 81. Rh1 Kb6 82. Rb1+ Kc7 83. Rb5 a4 84. Rb4 Nd6 85. Rxa4 Nb7 86. Ra6 Nd8
87. Rh6 Nb7 88. Rh7+ Kb6 89. Rg7 Na5 90. Rg1 Nb7 91. Rc1 Na5 92. Rb1+ Kc7 93.
Ke6 Nb7 94. Rc1+ Kb6 95. Rc2 Nc5+ 96. Kd6 Nb7+ 97. Kd5 Na5 98. Rb2+ Kc7 99. Kc5
Nb7+ 100. Kb5 Nd6+ 101. Ka6 Kc6 102. Rc2+ Kd5 103. Rc1 Nc4 104. Rxc4 Kxc4 1/2-1/2

[Event "Clutch Chess International - Quarti"]
[Site "Internet"]
[Date "08.06.2020"]
[Round "Q09"]
[White "Vachier-Lagrave, Maxime"]
[Black "So, Wesley"]
[Result "1-0"]
[WhiteTitle "GM"]
[BlackTitle "GM"]
[WhiteElo "2778"]
[BlackElo "2770"]
[WhiteFideId "623539"]
[BlackFideId "5202213"]
[EventDate "2020.06.06"]

1. Nf3 d5 2. e3 Nf6 3. b3 e6 4. Bb2 Be7 5. c4 O-O 6. Nc3 c5 7. cxd5 Nxd5 8. h4
Nc6 9. Qb1 f5 10. Bb5 Bd7 11. Nxd5 exd5 12. h5 h6 13. O-O Qe8 14. d4 Nxd4 15.
exd4 Bxb5 16. Re1 Qf7 17. a4 Ba6 18. Qd1 Bf6 19. Ne5 Bxe5 20. Rxe5 c4 21. Qf3
cxb3 22. Ba3 Bc4 23. Bxf8 Rxf8 24. Rae1 Qf6 25. a5 b6 26. axb6 axb6 27. Rxd5
Bxd5 28. Qxd5+ Qf7 29. Qb5 Qxh5 30. Qxb3+ Qf7 31. Qxb6 Qf6 32. Qb3+ Kh7 33. d5
Ra8 34. Qd3 Rd8 35. g3 Qg6 36. Re5 f4 37. Qxg6+ Kxg6 38. gxf4 Kf6 39. Kg2 Ra8
40. Kf3 Ra1 41. Re6+ Kf5 42. Re7 Rd1 43. Re5+ Kf6 44. Ke4 Rd2 45. f3 Kf7 46. Rh5
Ke7 47. Rh1 Kd6 48. Rg1 Re2+ 49. Kd4 Rd2+ 50. Kc4 Rc2+ 51. Kd3 Ra2 52. Ke4 Re2+
53. Kf5 Re7 54. Kg6 Kxd5 55. Rd1+ Kc4 56. f5 Ra7 57. f4 Kc5 58. Rd8 h5 59. Kxh5
Rf7 60. Kg6 Rf6+ 61. Kg5 Rf7 62. f6 1-0

[Event "Clutch Chess International - Quarti"]
[Site "Internet"]
[Date "08.06.2020"]
[Round "Q09"]
[White "Xiong, Jeffery"]
[Black "Carlsen, Magnus"]
[Result "0-1"]
[WhiteTitle "GM"]
[BlackTitle "GM"]
[WhiteElo "2709"]
[BlackElo "2863"]
[WhiteFideId "2047640"]
[BlackFideId "1503014"]
[EventDate "2020.06.06"]

1. e4 c5 2. Nf3 d6 3. d4 cxd4 4. Nxd4 Nf6 5. Nc3 a6 6. Bd3 g6 7. f3 Bg7 8. Be3
Nc6 9. Qd2 Bd7 10. O-O-O Rc8 11. Nxc6 Rxc6 12. Bh6 Bxh6 13. Qxh6 Rxc3 14. bxc3
Qa5 15. Kd2 Bc6 16. h4 Qxa2 17. Rb1 Qa3 18. Qe3 Qa5 19. g4 Nd7 20. Ra1 Qc5 21.
f4 e5 22. Qxc5 dxc5 23. Rhf1 Ke7 24. Ra5 h6 25. fxe5 Nxe5 26. Rxc5 Nxg4 27. e5
Rd8 28. Rf4 h5 29. Rd4 Re8 30. Bxa6 Kf8 31. Bb5 Nxe5 32. Bxc6 bxc6 33. Re4 f6
34. Ke3 Kf7 35. Kf4 Ra8 36. Rexe5 fxe5+ 37. Kxe5 Re8+ 38. Kf4 Re6 39. c4 Rf6+
40. Ke4 Kg7 41. Re5 Rf1 42. Kd4 Rf4+ 43. Re4 Rxe4+ 44. Kxe4 Kf6 45. Kf4 c5 46.
c3 g5+ 47. hxg5+ Kg6 0-1

[Event "Clutch Chess International - Quarti"]
[Site "Internet"]
[Date "08.06.2020"]
[Round "Q10"]
[White "So, Wesley"]
[Black "Vachier-Lagrave, Maxime"]
[Result "1/2-1/2"]
[WhiteTitle "GM"]
[BlackTitle "GM"]
[WhiteElo "2770"]
[BlackElo "2778"]
[WhiteFideId "5202213"]
[BlackFideId "623539"]
[EventDate "2020.06.06"]

1. d4 Nf6 2. c4 g6 3. Nc3 Bg7 4. e4 d6 5. Nf3 O-O 6. Be2 e5 7. dxe5 dxe5 8. Qxd8
Rxd8 9. Bg5 Re8 10. Nd5 Nxd5 11. cxd5 c6 12. Bc4 b5 13. Bb3 a5 14. a3 Bb7 15.
dxc6 Nxc6 16. Bd5 Rab8 17. O-O-O Nd4 18. Bxb7 Rxb7 19. Be3 b4 20. a4 b3 21. Bd2
Rc7+ 22. Kb1 Rc4 23. Nxd4 exd4 24. Rc1 Rxa4 25. Rc5 Ra2 26. Rhc1 d3 27. Bc3 d2
28. Rd1 Rxe4 29. Rc8+ Bf8 30. Rb8 a4 31. Bxd2 Re2 32. Bh6 Raxb2+ 33. Ka1 Ra2+
34. Kb1 Reb2+ 35. Kc1 Rc2+ 36. Kb1 Rcb2+ 37. Kc1 Rc2+ 38. Kb1 Rcb2+ 1/2-1/2

[Event "Clutch Chess International - Quarti"]
[Site "Internet"]
[Date "08.06.2020"]
[Round "Q10"]
[White "Carlsen, Magnus"]
[Black "Xiong, Jeffery"]
[Result "1-0"]
[WhiteTitle "GM"]
[BlackTitle "GM"]
[WhiteElo "2863"]
[BlackElo "2709"]
[WhiteFideId "1503014"]
[BlackFideId "2047640"]
[EventDate "2020.06.06"]

1. d4 Nf6 2. Nc3 d5 3. Bf4 e6 4. e3 Bb4 5. Ne2 O-O 6. a3 Be7 7. Ng1 c5 8. Nf3
Nh5 9. dxc5 Nxf4 10. exf4 Bxc5 11. Bd3 g6 12. h4 Nc6 13. h5 Qf6 14. Qd2 e5 15.
Nxd5 Qd6 16. Bc4 b5 17. Ba2 exf4 18. O-O-O b4 19. hxg6 hxg6 20. Ng5 Bf5 21. Nh7
Rfd8 22. Nhf6+ Kf8 23. Rh8+ Kg7 24. Rh7+ Kf8 25. Rdh1 1-0

[Event "Clutch Chess International - Quarti"]
[Site "Internet"]
[Date "08.06.2020"]
[Round "Q11"]
[White "Vachier-Lagrave, Maxime"]
[Black "So, Wesley"]
[Result "0-1"]
[WhiteTitle "GM"]
[BlackTitle "GM"]
[WhiteElo "2778"]
[BlackElo "2770"]
[WhiteFideId "623539"]
[BlackFideId "5202213"]
[EventDate "2020.06.06"]

1. e4 e5 2. Nf3 Nc6 3. Bc4 Bc5 4. O-O Nf6 5. d3 d6 6. c3 O-O 7. Nbd2 a6 8. a4
Ba7 9. h3 h6 10. Re1 Ne7 11. d4 Ng6 12. Bb3 Re8 13. Bc2 Nh5 14. Nf1 Nhf4 15. Ng3
c6 16. Be3 Qf6 17. Nf5 Bb8 18. dxe5 dxe5 19. Bb6 a5 20. b4 axb4 21. cxb4 Ne7 22.
Bd8 Bxf5 23. exf5 Bd6 24. Bxe7 Rxe7 25. g3 Nd5 26. Nh2 Bxb4 27. Ng4 Qd6 28. f6
Nxf6 29. Qxd6 Bxd6 30. Nxf6+ gxf6 31. Bf5 Bc5 32. a5 Bd4 33. Ra4 Kf8 34. Kg2 b5
35. Ra2 Rea7 36. Rc2 c5 37. Be4 Rxa5 38. Bxa8 Rxa8 39. Kf3 f5 40. Ke2 Ke7 41.
Rb1 Ra5 42. g4 Ke6 43. Rb3 c4 44. Rb1 f4 45. h4 Kd5 46. g5 h5 47. Rd2 c3 48. Rc2
Kc4 49. Kf3 b4 50. Ke4 b3 51. Rcc1 b2 52. Rxb2 Ra1 53. Rbc2 Rxc1 54. Rxc1 Bxf2
55. Rc2 Be3 56. Rg2 Kb3 57. Kd3 c2 58. Rxc2 e4+ 59. Kxe4 Kxc2 0-1

[Event "Clutch Chess International - Quarti"]
[Site "Internet"]
[Date "08.06.2020"]
[Round "Q12"]
[White "So, Wesley"]
[Black "Vachier-Lagrave, Maxime"]
[Result "1-0"]
[WhiteTitle "GM"]
[BlackTitle "GM"]
[WhiteElo "2770"]
[BlackElo "2778"]
[WhiteFideId "5202213"]
[BlackFideId "623539"]
[EventDate "2020.06.06"]

1. d4 Nc6 2. e4 e5 3. dxe5 Nxe5 4. Nf3 Qf6 5. Nc3 Nxf3+ 6. Qxf3 Qxf3 7. gxf3 c6
8. Rg1 Ne7 9. Be3 d5 10. exd5 Nf5 11. O-O-O Be7 12. Bf4 Bd7 13. Bh3 O-O-O 14.
dxc6 bxc6 15. Rxd7 1-0

[Event "Clutch Chess International - Quarti"]
[Site "Internet"]
[Date "08.06.2020"]
[Round "Q12"]
[White "Carlsen, Magnus"]
[Black "Xiong, Jeffery"]
[Result "1-0"]
[WhiteTitle "GM"]
[BlackTitle "GM"]
[WhiteElo "2863"]
[BlackElo "2709"]
[WhiteFideId "1503014"]
[BlackFideId "2047640"]
[EventDate "2020.06.06"]

1. e4 c5 2. Nf3 e6 3. c3 Nf6 4. e5 Nd5 5. Bc4 Nb6 6. Bb3 d6 7. d4 cxd4 8. cxd4
dxe5 9. Nxe5 Nc6 10. Nxc6 bxc6 11. O-O Be7 12. Nc3 O-O 13. Qf3 Ba6 14. Rd1 Nd5
15. Ne4 Qb6 16. Qg3 Qb8 17. Bg5 f6 18. Bd2 Qxg3 19. hxg3 Bd3 20. Nc3 Rfc8 21.
Rac1 Kf7 22. Na4 Bb5 23. Nc5 Bxc5 24. Rxc5 Nb6 25. Re1 Re8 26. Ra1 Red8 27. a4
Bc4 28. Bxc4 Rxd4 29. a5 Rxc4 30. axb6 1-0

[Event "Clutch Chess International - Quarti"]
[Site "Internet"]
[Date "09.06.2020"]
[Round "Q07"]
[White "Grischuk, Alexander"]
[Black "Aronian, Levon"]
[Result "1/2-1/2"]
[WhiteTitle "GM"]
[BlackTitle "GM"]
[WhiteElo "2784"]
[BlackElo "2778"]
[EventDate "2020.06.06"]

1. d4 Nf6 2. c4 e6 3. Nf3 d5 4. g3 Be7 5. Bg2 O-O 6. Nc3 Nbd7 7. Qd3 b6 8.
cxd5 Nxd5 9. O-O Bb7 10. Rd1 N7f6 11. Nxd5 exd5 12. Bg5 h6 13. Bxf6 Bxf6
14. b4 c6 15. Rab1 Qe7 16. a4 Rfc8 17. Rdc1 Rc7 18. e3 g6 19. Qb3 Rd8 20.
Ne1 Bc8 21. Nd3 Bf5 22. Rc2 c5 23. bxc5 bxc5 24. Rxc5 Rxc5 25. dxc5 Bxd3
26. Qxd3 Qxc5 27. h4 Qc4 28. Rd1 Qxd3 29. Rxd3 d4 30. exd4 Rxd4 31. Rxd4
Bxd4 32. Kf1 h5 33. Ke2 a5 34. Kf1 Kf8 35. Ke2 Kg8 36. Kf1 Kf8 37. Ke2 Kg8
1/2-1/2

[Event "Clutch Chess International - Quarti"]
[Site "Internet"]
[Date "09.06.2020"]
[Round "Q07"]
[White "Caruana, Fabiano"]
[Black "Dominguez Perez, Leinier"]
[Result "0-1"]
[WhiteTitle "GM"]
[BlackTitle "GM"]
[WhiteElo "2773"]
[BlackElo "2786"]
[EventDate "2020.06.06"]

1. d4 Nf6 2. c4 e6 3. Nc3 Bb4 4. Qc2 d5 5. cxd5 exd5 6. Bf4 c5 7. dxc5 Nc6
8. e3 O-O 9. Nf3 d4 10. O-O-O Bxc5 11. exd4 Bd6 12. Bxd6 Qxd6 13. a3 Be6
14. Kb1 Na5 15. d5 Nxd5 16. Nxd5 Bxd5 17. Bd3 g6 18. Be4 Bxe4 19. Qxe4 Qb6
20. Ne5 Rfe8 21. Qf4 Qe6 22. Nd7 Kg7 23. Rhe1 Qc4 24. Qf6+ Kg8 25. Qd6 Kg7
26. Re7 Rxe7 27. Qxe7 Qf4 28. Qb4 Qf5+ 29. Ka1 Rc8 30. g4 Qf3 31. Qd4+ f6
32. Qd6 Re8 33. Nc5 Qxg4 34. h3 Qc8 35. Ka2 b6 36. Qd7+ Qxd7 37. Rxd7+ Kh6
38. Nd3 Nc6 39. Rc7 Re6 40. Kb3 Rd6 41. Kc3 Nd4 42. a4 a5 43. b4 Ne2+ 44.
Kc2 axb4 45. Nxb4 Nf4 46. Kb3 Nxh3 47. Kc4 Nxf2 48. Kb5 g5 49. Rc6 Rxc6 50.
Nxc6 g4 51. Nd4 Nd3 52. Kxb6 Nb2 53. Kb5 Nxa4 54. Kxa4 Kg5 55. Kb3 Kf4 56.
Kc3 Ke3 57. Nf5+ Kf2 58. Kd3 g3 0-1

[Event "Clutch Chess International - Quarti"]
[Site "Internet"]
[Date "09.06.2020"]
[Round "Q08"]
[White "Aronian, Levon"]
[Black "Grischuk, Alexander"]
[Result "0-1"]
[WhiteTitle "GM"]
[BlackTitle "GM"]
[WhiteElo "2778"]
[BlackElo "2784"]
[EventDate "2020.06.06"]

1. d4 f5 2. Nf3 Nf6 3. Bg5 e6 4. Nbd2 Be7 5. Bxf6 Bxf6 6. e4 d5 7. exf5
exf5 8. Bd3 Qe7+ 9. Be2 O-O 10. O-O Be6 11. Re1 Nd7 12. c4 Qf7 13. Qb3 Rab8
14. a4 c5 15. dxc5 Nxc5 16. Qa3 Ne4 17. cxd5 Bxd5 18. Rad1 Rbd8 19. Qb4 Be7
20. Qa5 b6 21. Qxa7 Nxf2 22. Bc4 Bc5 23. Qxf7+ Rxf7 24. b4 Nxd1+ 25. bxc5
Bxc4 26. cxb6 Nb2 27. Rb1 Nxa4 28. Nxc4 Rb7 29. Rb4 Nc5 30. h3 Ra8 31. Rb5
Ne4 32. Na5 Nd6 33. Nxb7 Nxb5 34. Nc5 Nd6 35. Ne5 Ra1+ 36. Kf2 Rb1 37. Ned7
Kf7 38. g4 Ne4+ 39. Nxe4 fxe4 40. Ke3 Ke7 41. Nc5 Rxb6 42. h4 Kd6 43. Nxe4+
Ke5 44. Nd2 Rb4 45. Nf3+ Kd5 46. Nh2 Re4+ 47. Kf3 Ke5 48. h5 Ra4 0-1